000 00609nam a22002177a 4500
003 OSt
005 20180924184219.0
008 180924b xxu||||| |||| 00| 0 eng d
020 _a9780853696087
040 _cDNLM
082 _aQV704 F65p 2007
100 _aFlorence, Alexander T. ; Attwood, David.
_95861
245 _aPhysicochemical Principles of Pharmacy
250 _a4th ed.
260 _aLondon; Pharmaceutical Press, 2007
300 _axiv,492p; col.ill: 25cm
504 _aReferences, & index included
650 _aPhysicochemical
_912674
650 _aPharmacy
_912675
942 _2z
_cSLOAN
999 _c6132
_d6132